000 00419nmm a2200145Ia 4500
008 251105s9999||||xx |||||||||||||||||und||
041 _aspa
100 _aPalermo, Sebastián
245 0 _aAprender a sentir
264 _a[Madrid, España] :
_bEdiciones B,
_c2016
300 _a156 páginas
650 _aSelf-help and personal development
856 _uhttps://public.digitaliapublishing.com/a/54595
942 _cCF
999 _c106004
_d106004